00427 2200157 4500001002100000008004100021035002000062245004600082100002100128260005400149020002200203084001400225082000800239650001000247990001200257INLIS000000000003344 ind  a0010-0226000010 aHunter X Hunter Vol.11cYoshihiro Togashi aTogas, Yoshihiro aJakartabPT. Elex Media Komputindo Gramediac2014 a978-602-02-4514-0 a741 TOG h a741 aKomik a0754520